[Event "C'Chartres Blitz op April"]
[Site "Europe Echecs INT"]
[Date "2021.04.10"]
[Round "2"]
[White "Lardon, Quentin"]
[Black "Deac, Bogdan Daniel"]
[Result "0-1"]
[WhiteElo "2028"]
[BlackElo "2625"]
[PlyCount "60"]
[EventDate "2021.04.10"]
[EventType "swiss (blitz)"]
[EventRounds "11"]
[EventCountry "FRA"]
[SourceTitle "CBM 201 Extra"]
[Source "ChessBase"]
[SourceDate "2021.05.31"]
[SourceVersion "1"]
[SourceVersionDate "2021.05.31"]
[SourceQuality "1"]

1. c4 g6 2. Nc3 Bg7 3. d4 d6 4. e4 e5 5. d5 a5 6. Bd3 h5 7. Nge2 Bh6 8. h3 Na6 9. a3 Bd7 10. Bc2 Bxc1 11. Rxc1 Nf6 12. 0-0 0-0 13. f4 exf4 14. Rxf4 Qe7 15. Qd4 Nh7 16. Rcf1 Nc5 17. b4 axb4 18. axb4 Na4 19. Ra1 Nxc3 20. Qxc3 b6 21. Rff1 Ng5 22. Qd4 Rxa1 23. Rxa1 Bxh3 24. gxh3 Nf3+ 25. Kg2 Nxd4 26. Nxd4 Qg5+ 27. Kf3 Qd2 28. Rd1 Qxb4 29. Bd3 Qc3 30. Ke2 Qxd4 0-1

[Event "Cappelle Online Blitz op 1st"]
[Site "Europe Echecs INT"]
[Date "2021.01.10"]
[Round "5"]
[White "Lardon, Quentin"]
[Black "Can, Isik"]
[Result "0-1"]
[WhiteElo "2028"]
[BlackElo "2380"]
[PlyCount "86"]
[EventDate "2021.01.10"]
[EventType "swiss (blitz)"]
[EventRounds "11"]
[EventCountry "FRA"]
[SourceTitle "CBM 200 Extra"]
[Source "ChessBase"]
[SourceDate "2021.03.31"]
[SourceVersion "1"]
[SourceVersionDate "2021.03.31"]
[SourceQuality "1"]

1. c4 c6 2. Nc3 d5 3. cxd5 cxd5 4. d4 Nf6 5. g3 Nc6 6. Bg2 Bf5 7. Nf3 e6 8. 0-0 Bd6 9. a3 0-0 10. b4 Rc8 11. Bb2 h6 12. Rc1 Ne4 13. Qb3 Qf6 14. e3 h5 15. Nh4 Nd2 16. Qd1 Nxf1 17. Nxf5 Qxf5 18. Qxf1 h4 19. Qe2 Ne7 20. f3 hxg3 21. hxg3 Bxg3 22. f4 Qh7 23. Qf3 Nf5 24. Kf1 Bh4 25. Ke2 Ng3+ 26. Kd2 Rc4 27. Rg1 Rfc8 28. Bf1 Rxc3 29. Bxc3 Ne4+ 30. Kc2 Nxc3+ 31. Bd3 Nb1+ 32. Kxb1 Qxd3+ 33. Ka1 Qxa3+ 34. Kb1 Qxb4+ 35. Ka1 Rc6 36. Rg2 Rc1+ 37. Ka2 Qb1+ 38. Ka3 Rc3+ 39. Ka4 Qb3+ 40. Ka5 Qb6+ 41. Ka4 Qa6+ 42. Kb4 Qc4+ 43. Ka5 Bd8# 0-1

[Event "Cappelle Online Blitz op 1st"]
[Site "Europe Echecs INT"]
[Date "2021.01.10"]
[Round "11"]
[White "Lardon, Quentin"]
[Black "Garayev, Kanan Farzali Oglu"]
[Result "0-1"]
[WhiteElo "2028"]
[BlackElo "2331"]
[PlyCount "116"]
[EventDate "2021.01.10"]
[EventType "swiss (blitz)"]
[EventRounds "11"]
[EventCountry "FRA"]
[SourceTitle "CBM 200 Extra"]
[Source "ChessBase"]
[SourceDate "2021.03.31"]
[SourceVersion "1"]
[SourceVersionDate "2021.03.31"]
[SourceQuality "1"]

1. c4 Nf6 2. Nc3 e5 3. g3 c6 4. Bg2 d5 5. cxd5 cxd5 6. d3 Nc6 7. Nf3 Be7 8. 0-0 0-0 9. a3 Bg4 10. b4 a6 11. Bb2 Rc8 12. Rc1 d4 13. Na4 Nd5 14. Nc5 Rc7 15. Qb3 Bxc5 16. Rxc5 Be6 17. Qc2 f6 18. Rc1 Rff7 19. Nd2 Rfd7 20. Nc4 Nce7 21. Qd2 b6 22. Rxc7 Rxc7 23. a4 Qd7 24. Qd1 b5 25. axb5 Qxb5 26. Nd6 Qxb4 27. Rxc7 Nxc7 28. Qc1 Qxd6 29. Ba3 Qd8 30. Qc5 Ncd5 31. Qd6 Qxd6 32. Bxd6 Kf7 33. Bc5 a5 34. e3 dxe3 35. fxe3 Nb4 36. d4 exd4 37. exd4 Bd5 38. Bf1 Nec6 39. Bb5 Nc2 40. Bxc6 Bxc6 41. Kf2 a4 42. d5 Bxd5 43. Bb6 a3 44. Ba5 a2 45. Bc3 a1Q 46. Bxa1 Nxa1 47. Ke3 Nb3 48. h4 h5 49. g4 hxg4 50. Kf4 Be6 51. h5 Nc5 52. Kg3 f5 53. Kh4 f4 54. h6 gxh6 55. Kh5 g3 56. Kh4 g2 57. Kh5 g1Q 58. Kh4 Qg5# 0-1

[Event "Cappelle Online Blitz op 1st"]
[Site "Europe Echecs INT"]
[Date "2021.01.10"]
[Round "6"]
[White "Mendez Machado, Andre"]
[Black "Lardon, Quentin"]
[Result "1-0"]
[WhiteElo "1651"]
[BlackElo "2028"]
[PlyCount "129"]
[EventDate "2021.01.10"]
[EventType "swiss (blitz)"]
[EventRounds "11"]
[EventCountry "FRA"]
[SourceTitle "CBM 200 Extra"]
[Source "ChessBase"]
[SourceDate "2021.03.31"]
[SourceVersion "1"]
[SourceVersionDate "2021.03.31"]
[SourceQuality "1"]

1. e4 c5 2. Nf3 Nc6 3. d4 cxd4 4. Nxd4 g6 5. Nc3 Bg7 6. Be3 d6 7. f3 Bd7 8. Qd2 a6 9. g4 b5 10. h4 h5 11. gxh5 Rxh5 12. Nd5 Rc8 13. Nxc6 Rxc6 14. c3 Nf6 15. Nb4 Rc8 16. Nxa6 d5 17. e5 Rxe5 18. Be2 Bc6 19. 0-0-0 Qa5 20. Nb4 Rf5 21. Kb1 Bd7 22. Rhf1 Ra8 23. Bd3 Rh5 24. Bg5 Be6 25. Bxf6 Bxf6 26. Rfe1 d4 27. Rxe6 fxe6 28. Bxg6+ Kf8 29. Bxh5 dxc3 30. Qh6+ Bg7 31. Qxe6 c2+ 32. Nxc2 Qxa2+ 33. Qxa2 Rxa2 34. Kxa2 Bf6 35. Nd4 Bxh4 36. Nxb5 Kg7 37. Nc3 Kf6 38. Bg4 Ke5 39. Kb3 Bf2 40. Rd7 Kf6 41. Ne4+ Kf7 42. Kc4 Ke8 43. b4 e5 44. Rd5 Bg3 45. b5 Bf4 46. b6 Be3 47. b7 Ba7 48. Rxe5+ Kd8 49. Ra5 Bb8 50. Ra8 Kc7 51. Rxb8 Kxb8 52. Nd6 Kc7 53. f4 Kb8 54. f5 Kc7 55. f6 Kc6 56. f7 Kc7 57. b8Q+ Kc6 58. Qc8+ Kxd6 59. Qd7+ Ke5 60. f8Q Ke4 61. Qfe7+ Kf4 62. Qf5+ Kg3 63. Qf3+ Kh2 64. Qee2+ Kg1 65. Qff1# 1-0

[Event "FRA-ch Blitz Online Qual"]
[Site "Europe Echecs INT"]
[Date "2020.05.16"]
[Round "13"]
[White "Courjal, Pauline"]
[Black "Lardon, Quentin"]
[Result "0-1"]
[WhiteElo "1848"]
[BlackElo "2013"]
[PlyCount "116"]
[EventDate "2020.05.16"]
[EventType "swiss (blitz)"]
[EventRounds "15"]
[EventCountry "FRA"]
[SourceTitle "CBM 196 Extra"]
[Source "ChessBase"]
[SourceDate "2020.07.31"]
[SourceVersion "1"]
[SourceVersionDate "2020.07.31"]
[SourceQuality "1"]

1. e4 c5 2. Nf3 Nc6 3. c3 g6 4. d4 cxd4 5. cxd4 Bg7 6. Nc3 d6 7. Bg5 Nf6 8. Qd2 a6 9. h4 h5 10. Bc4 0-0 11. a3 b5 12. Ba2 Bd7 13. Qd3 Rc8 14. e5 Bf5 15. Qe2 dxe5 16. dxe5 Ng4 17. Rd1 Qb6 18. 0-0 Ngxe5 19. Nxe5 Nxe5 20. Bxe7 Rfe8 21. Nd5 Qb7 22. Bf6 Bg4 23. f3 Nxf3+ 24. Qxf3 Bxf3 25. Rxf3 Kh8 26. Rdf1 Bxf6 27. Rxf6 Kg7 28. Rxf7+ Qxf7 29. Rxf7+ Kxf7 30. Nb6+ Kg7 31. Nxc8 Rxc8 32. Kh2 Rc2 33. Bd5 Rxb2 34. Bb7 a5 35. Ba6 Rb3 36. Kg1 Kf6 37. Kf2 Ke5 38. Ke2 Kf4 39. Kf2 Rb2+ 40. Kg1 Kg3 41. Kf1 Kxh4 42. g3+ Kxg3 43. Ke1 b4 44. axb4 a4 45. Bc4 a3 46. b5 a2 47. Bxa2 Rxa2 48. b6 Kf3 49. b7 Rb2 50. Kd1 Rxb7 51. Kc1 h4 52. Kc2 h3 53. Kc1 h2 54. Kc2 h1Q 55. Kc3 Qc1+ 56. Kd4 Rd7+ 57. Ke5 Qf4+ 58. Ke6 Qf5# 0-1